| 000 | 01179nac a22003251i 4500 | ||
|---|---|---|---|
| 003 | EG-ScBUE | ||
| 005 | 20240604090147.0 | ||
| 008 | 240604s1991 enka f 000 0 eng d | ||
| 020 | _a0060168528 | ||
| 020 | _a9780006377900 | ||
| 040 |
_aEG-ScBUE _beng _erda _cEG-ScBUE _dEG-ScBUE |
||
| 041 | 1 |
_aeng _hrus |
|
| 043 | _ae-ru--- | ||
| 082 | 0 | 4 |
_a947.0854092 _bGOR _222 |
| 100 | 1 |
_aGorbacheva, Raisa Maksimovna, _d1932-1999, _eauthor. |
|
| 245 | 1 | 0 |
_aI hope / _cRaisa Gorbachev ; translated by David Floyd. |
| 250 | _aFirst edition. | ||
| 264 | 1 |
_aLondon : _bFontana, HarperCollins Publishers, _c1991. |
|
| 300 |
_a207 pages, [28] pages of plates : _billustrations (some color) ; _c24 cm |
||
| 336 |
_2rdacontent _atext _btxt |
||
| 337 |
_aunmediated _2rdamedia _bn |
||
| 338 |
_avolume _bnc _2rdacarrier |
||
| 546 | _aText in English ; translated from the original Russian. | ||
| 600 | 1 | 7 |
_aGorbacheva, Raisa Maksimovna, _d1932-1999. _2BUEsh |
| 650 | 7 |
_aPresidents' spouses _zSoviet Union _vBiography. _2BUEsh |
|
| 651 | 7 |
_aSoviet Union _xPolitics and government _y1985-1991. _2BUEsh |
|
| 655 | _vReading book | ||
| 700 | 1 |
_aFloyd, David, _etranslator. |
|
| 942 |
_cBB _2ddc |
||
| 999 |
_c7499 _d7499 |
||